000 00737nam a2200277Ia 4500
005 20250425161853.0
008 250425s9999 xx 000 0 und d
020 _a9701013921
041 _aspa
043 _amx
082 _a658.409
100 _aSHEFSKY, LLOYD E.
245 0 _aLOS EMPRENDEDORES NO NACEN, SE HACEN
250 _a1A ED.
260 _aMéxico
_bMCGRAW-HILL
_c1997
260 _aS.L.
300 _a209
500 _aTítulo Traducido: ENTREPRENEURS ARE MADE NOT BORN
650 _aDESARROLLO EMPRESARIAL
650 _aESTRATEGIAS PARA TRIUNFAR
650 _aEXITO EMPRESARIAL
700 _aCARLOS ALBERTO ARENAS MONREAL
_etraductor
710 _aMCGRAW-HILL, INC.
942 _c01
010 _a33124
999 _c217810
_d217810